00660nam a2200193Ia 4500008004100000020001500041040001800056041000800074060001100082100002100093245014900114250001200263260007300275300001800348650001700366650003600383650002900419700001800448130821s2005 xxu gr eng  a0970415818 aCo-BoUCMbspa00aeng aWF 3101 aHasan, Rashed A.10aApocket guide to mechanical ventilation& other measures of raspiratory support for pediatric and adult patientscRasshed A. Hasan y Murat Kaynar a3a. Ed. aBoston (Massachusetts, Estados Unidos)bHarvard Medical Schoolc2005 a129 páginas04aNeumología04aRehabilitación cardiopulmonar04aRespiración artificial1 aKaynar, Murat